Responses for show #610 - Friday, April 10, 1987

J! round & first 7 clues of DJ! round only.

Contestants

Linda Christiano, a teacher from Alto Loma, California

Burton Boxerman, a retired teacher from St. Louis, Missouri

Chris Walkey, a jeweler originally from Boston, Massachusetts (whose 1-day cash winnings total $6,000)

[next game >>]

Jeopardy! Round responses

MICE
SHIPS
ODD JOBS
FACTS & FIGURES
BASEBALL
SUMMER SONGS
    $100 1
sight

Linda
    $100 11
(Chris: What is the QE2?)

Queen Elizabeth

ChrisBurton
    $100 17
(Alex: Yes, he got a one-year suspended sentence for that little caper.)

windows

Chris
    $100 4
Japan

Linda
    $100 12
Wilson

Chris
    $100 2
"Theme From a Summer Place"

Linda
    $200 6
lion

Chris
    $200 13
submarine

Linda
    $200 18
candymaker

Chris
    $200 14
blonde

Linda
    $200 3
lazy hazy crazy

Chris
    $300 7
procreating

Linda
    $300 23
rowing the boat

Burton
    $300 19
(Linda: What is the head of OPEC?)
...
(Alex: He was also the head of OPEC, but did not hold that position for 24 years.)

Oil Minister of Saudi Arabia

ChrisLinda
    $300 15
strawberry

Triple Stumper
    $300 27
[End of round signals.]

Lou Brock

Chris
    $300 5
fish

Chris
    $400 10
thief

Triple Stumper
    $400 25
steamship

Burton
    $400 20
scribe

Chris
    $400 16
(Alex: Playing [*].)
[Laughter]

tic-tac-toe

Triple Stumper
    $400 24
Boston Red Sox

Chris
    $400 8
(Linda: What is "See You in September?"

"Sealed with a Kiss"

Linda
Triple Stumper
    $500 21
(Chris: What is a camel?)

elephant

Chris
Triple Stumper
    $400 22
(Chris: What is eleven dollars?)
(Alex: Half dollar, quarter, dime, a nickel & a penny. Am I right? Thank you. We've got less than a minute to go, Chris.)

91 cents

Chris
    $500 26
Padres & Cardinals

Triple Stumper
    $500 9
[Laughter]
(Alex: You got it. Now is the time for [*].)

"See You in September"

Linda

Scores at the first commercial break (after clue 14):

Chris Burton Linda
$700 $100 $1,100

Scores at the end of the Jeopardy! Round:

Chris Burton Linda
$1,500 $800 $800

Double Jeopardy! Round responses

CATS
NEW TESTAMENT
DAVES & DAVIDS
CITY NICKNAMES
LITERATURE
POTPOURRI
    $200 1
David Lee Roth

Linda
    $200 7
Chicago

Linda
    $800 2
(Linda: Who is Dave Brouston?)
(Alex: [*]. The song was called "Take Five". That was Gerry Mulligan on sax.)

Dave Brubeck

Linda
    $400 6
(Linda: What's San Francisco?)
(Alex: No, sorry.)
[Loud laughter]
...
(Alex: [*] is the City of Brotherly Love.)
(Burton: I liked her answer.)

Philadelphia

BurtonLinda
    $600 4
David Steinberg

Chris
    $800 3
David Merrick

Chris
    $1000 5
(Chris: Who is David Lean?)

David Selznick

ChrisBurton

Scores at the end of the Double Jeopardy! Round:

Chris Burton Linda
$1,900 $2,200 $0

[wagering suggestions for these scores]

The J! Archive is created by fans, for fans. The Jeopardy! game show and all elements thereof, including but not limited to copyright and trademark thereto, are the property of Jeopardy Productions, Inc. and are protected under law. This website is not affiliated with, sponsored by, or operated by Jeopardy Productions, Inc. Join the discussion at JBoard.tv.